[Event "I got lucky!"]
[Site "http://www.queenalice.com/game.php?id=1018863"]
[Date "2012.1.29"]
[Round "-"]
[White "jbugg"]
[Black "wwsd"]
[Result "0-1"]
[WhiteElo "1382"]
[BlackElo "1153"]

1. e4 e5 2. Nf3 d6 3. Bc4 Nc6 4. O-O Nf6 5. Ng5 Qd7 6. Bxf7+ Kd8 7. Ne6+ Ke7 8.
Ng5 h6 9. Be6 Qd8 10. Bxc8 Qxc8 11. Nf3 Nxe4 12. d3 Nf6 13. Nh4 Kd8 14. Ng6 Rg8
15. Be3 Qf5 16. Nxf8 Rxf8 17. h3 Qe6 18. a3 h5 19. Nc3 Rh8 20. Qf3 g6 21. Qg3
Rg8 22. Ne4 b6 23. Qh4 Kc8 24. Nxf6 Kb7 25. Nxg8 Qxg8 26. b4 Qf7 27. c4 a5 28.
b5 Ne7 29. Qe4+ d5 30. Qxe5 h4 31. Rae1 Rc8 32. Qd4 Nf5 33. Qf4 Qe7 34. Bd2 Qxa3
35. cxd5 Qxd3 36. Qg5 Qxb5 37. Qxg6 Qd3 38. Qg5 Qxd5 39. Qh5 Rf8 40. Qh7 Qxd2
41. g4 Nd4 42. Qxh4 Nf3+ 43. Kh1 Nxh4 44. g5 Qxg5 45. Rg1 Qf4 46. Ref1 Qf3+ 47.
Kh2 Qf4+ 48. Rg3 Qe4 49. Rg4 Qe5+ 50. Rg3 Qe2 51. Kg1 a4 52. Ra3 b5 53. Re3 Qb2
54. Re4 Nf3+ 55. Kg2 Nd2 56. Rfe1 Nxe4 57. Rxe4 Ra8 58. h4 a3 59. Re1 a2 0-1

[Event "Challenge"]
[Site "http://www.queenalice.com/game.php?id=1030042"]
[Date "2012.2.15"]
[Round "-"]
[White "vangogh"]
[Black "wwsd"]
[Result "1-0"]
[WhiteElo "1425"]
[BlackElo "1186"]

1. e4 e5 2. Bc4 Nf6 3. Qf3 d5 4. exd5 Bc5 5. d3 O-O 6. Nc3 a5 7. a4 Bd7 8. g3
Re8 9. Ne4 Na6 10. c3 Qe7 11. h4 c6 12. d6 Qe6 13. Bxe6 Bxe6 14. c4 Rad8 15. Bg5
Bxd6 16. Nxf6+ gxf6 17. Bxf6 Bb4+ 18. Kd1 h6 19. Bxd8 Rxd8 20. Qf6 Rxd3+ 21. Ke2
Bxc4 22. Kf1 Rd1+ 23. Kg2 Rxa1 24. Nf3 Ra2 25. Nxe5 Nc5 26. Nxc4 Ne4 27. Qd8+
Kg7 28. Qd4+ Kf8 29. Qxe4 b5 30. Qxc6 bxc4 31. Rb1 c3 32. Qc8+ Kg7 33. bxc3 Rc2
34. Qg4+ Kh7 35. Qf5+ 1-0

[Event "just about Spring"]
[Site "http://www.queenalice.com/game.php?id=1043521"]
[Date "2012.3.28"]
[Round "-"]
[White "wwsd"]
[Black "jbugg"]
[Result "0-1"]
[WhiteElo "1178"]
[BlackElo "1473"]

1. e4 e5 2. d3 Nc6 3. g3 Nf6 4. Bg2 d5 5. exd5 Nxd5 6. c4 Ndb4 7. Qd2 Bf5 8. Nc3
Nxd3+ 9. Kf1 Bb4 10. a3 Nxc1 11. Qxc1 Bd6 12. Nf3 Qe7 13. Nh4 Qe6 14. Bd5 Bd3+
15. Kg1 Qf6 16. Qd1 Bc5 17. Qxd3 Qxf2# 0-1

[Event "Challenge"]
[Site "http://www.queenalice.com/game.php?id=1047527"]
[Date "2012.4.10"]
[Round "-"]
[White "wwsd"]
[Black "jbugg"]
[Result "1-0"]
[WhiteElo "1173"]
[BlackElo "1466"]

1. d4 d5 2. Nf3 Nc6 3. Nc3 e6 4. Bf4 a6 5. Qd2 Nf6 6. e3 Bd6 7. g3 O-O 8. O-O-O
a5 9. Qd3 Ng4 10. Ng5 Nxf2 11. Qxh7# 1-0

[Event "homework"]
[Site "http://www.queenalice.com/game.php?id=1049858"]
[Date "2012.4.17"]
[Round "-"]
[White "wwsd"]
[Black "jbugg"]
[Result "1-0"]
[WhiteElo "1204"]
[BlackElo "1474"]

1. d4 d5 2. Nc3 Nf6 3. Bf4 a6 4. h3 Nc6 5. e3 Bf5 6. Nf3 Nb4 7. Be2 Nxc2+ 8. Kd2
Nxa1 9. Qxa1 Qd7 10. Ng5 Be6 11. a3 h6 12. Nf3 Bf5 13. Ne5 Qe6 14. Qa2 c6 15.
Qb3 Qc8 16. Qb6 g5 17. Bg3 Ne4+ 18. Kd3 Nxg3+ 19. e4 Nxh1 20. exf5 Qxf5+ 21. Kd2
Qf4+ 22. Kd3 f6 23. Qxb7 Rd8 24. Qxc6+ Rd7 25. Qxd7# 1-0

[Event "Reboot time"]
[Site "http://www.queenalice.com/game.php?id=1053018"]
[Date "2012.4.26"]
[Round "-"]
[White "jbugg"]
[Black "wwsd"]
[Result "0-1"]
[WhiteElo "1364"]
[BlackElo "1233"]

1. e4 Nf6 2. Nc3 a6 3. d4 d6 4. Nf3 e6 5. Bc4 Nc6 6. a3 Be7 7. h3 O-O 8. Bf4 b5
9. Be2 Bb7 10. Qd3 b4 11. Nd1 Nh5 12. Be3 Bf6 13. g4 Bxd4 14. Bxd4 Nf4 15. Qc4
Nxd4 16. Nxd4 Bxe4 17. Rg1 Nxh3 18. Rg3 Nf4 19. f3 Qh4 20. fxe4 Ng2+ 21. Kf2 Ne1
22. Qxb4 Qh2+ 23. Ke3 Qxg3+ 24. Nf3 Nxc2+ 25. Kd2 Nxb4 26. axb4 c6 27. g5 g6 28.
Rc1 Rab8 29. Kc3 a5 30. bxa5 Qf4 31. Ra1 Qxe4 32. Kd2 Qd5+ 33. Ke1 f6 34. a6
fxg5 35. Ne3 Qb3 36. Rb1 Qxe3 37. Rd1 Rxb2 38. Nd2 Qf2# 0-1

[Event "Challenge"]
[Site "http://www.queenalice.com/game.php?id=1074530"]
[Date "2012.6.21"]
[Round "-"]
[White "jbugg"]
[Black "wwsd"]
[Result "1-0"]
[WhiteElo "1402"]
[BlackElo "1255"]

1. e4 e5 2. Nf3 d6 3. Nc3 Bd7 4. d4 exd4 5. Nxd4 Nf6 6. Bd3 Nc6 7. Be3 Bg4 8. f3
Bh5 9. Bb5 Qd7 10. Qd3 Be7 11. Qc4 O-O 12. Nxc6 bxc6 13. Bxc6 Qc8 14. Bxa8 Qxa8
15. Qxc7 Bd8 16. Qxd6 Qb7 17. b3 Ba5 18. Bd4 Qc8 19. O-O Ne8 20. Qc5 Qa6 21.
Qxh5 f6 22. Nd5 Qe2 23. c3 Qb2 24. Bc5 Rf7 25. Ne7+ Rxe7 26. Bxe7 Bb6+ 27. Bc5
g6 28. Qd5+ Kg7 29. Bxb6 axb6 30. Qd7+ Kh6 31. Qxe8 Kh5 32. g3 Qxc3 33. Qb5+ Kh6
34. g4 Qd4+ 35. Kh1 1-0

[Event "Leo_cx-2"]
[Site "http://www.queenalice.com/game.php?id=1081975"]
[Date "2012.7.12"]
[Round "1"]
[White "wwsd"]
[Black "alfonso"]
[Result "0-1"]
[WhiteElo "1245"]
[BlackElo "1514"]

1. e4 e5 2. Nf3 f6 3. Nc3 Bc5 4. Nxe5 fxe5 5. Qh5+ g6 6. Qxe5+ Qe7 7. Qxh8 Qf7
8. d3 d6 9. Bg5 Qxf2+ 10. Kd1 Bg4+ 11. Be2 Be6 12. Rf1 Qxg2 13. Qxh7 Qxg5 14.
Bh5 gxh5 15. Nb5 Bb6 16. Nxc7+ Bxc7 17. Qxc7 Bg4+ 18. Ke1 Qe3# 0-1

[Event "Challenge"]
[Site "http://www.queenalice.com/game.php?id=1089308"]
[Date "2012.8.1"]
[Round "-"]
[White "jbugg"]
[Black "wwsd"]
[Result "0-1"]
[WhiteElo "1475"]
[BlackElo "1240"]

1. e4 e5 2. Nf3 d6 3. Bc4 Be6 4. Bb5+ c6 5. Ba4 Nf6 6. O-O Nxe4 7. Nc3 f5 8.
Nxe4 fxe4 9. Ne1 Nd7 10. Qe2 Nc5 11. b3 Qg5 12. d4 Qh4 13. c4 Nd7 14. Bb2 Nf6
15. dxe5 Ng4 16. Bd4 Qxh2# 0-1

[Event "end of summer"]
[Site "http://www.queenalice.com/game.php?id=1096886"]
[Date "2012.8.27"]
[Round "-"]
[White "jbugg"]
[Black "wwsd"]
[Result "0-1"]
[WhiteElo "1363"]
[BlackElo "1252"]

1. e4 e5 2. Nf3 d6 3. Bc4 Nf6 4. d3 Nc6 5. a3 Be7 6. Ng5 O-O 7. Nc3 a5 8. O-O
Nd4 9. Be3 Bg4 10. f3 Bh5 11. Na4 Qd7 12. b3 h6 13. Nh3 b5 14. Bd5 Ra6 15. Bb7
Ra7 16. Bd5 bxa4 17. Bxd4 exd4 18. Qb1 c6 19. Bc4 Rb7 20. Qe1 d5 21. Ba6 Ra7 22.
Qxa5 Rfa8 23. bxa4 Rxa6 24. Qd2 Rxa4 25. Nf4 Qa7 26. Nxh5 Ne8 27. exd5 Rxa3 28.
Rae1 Bh4 29. Re4 Qa6 30. Rxh4 Ra1 31. Ng3 cxd5 32. Rxd4 Nf6 33. Nf5 Qc8 34. Qf4
Qxc2 35. Qg3 Rxf1+ 36. Kxf1 Ra1+ 37. Qe1 Ra2 38. Rb4 Qxg2# 0-1

[Event "Challenge"]
[Site "http://www.queenalice.com/game.php?id=1097883"]
[Date "2012.8.30"]
[Round "-"]
[White "ismaelpereira"]
[Black "wwsd"]
[Result "1-0"]
[WhiteElo "1346"]
[BlackElo "1265"]

1. e4 e5 2. Nf3 d6 3. Bb5+ c6 4. Ba4 Nf6 5. Nc3 Be7 6. O-O O-O 7. b4 Be6 8. b5
d5 9. exd5 cxd5 10. Nxe5 Qd6 11. Qe1 Rc8 12. d4 Qb4 13. Bb3 1-0

[Event "Leo_cx-2"]
[Site "http://www.queenalice.com/game.php?id=1108959"]
[Date "2012.10.3"]
[Round "2"]
[White "wwsd"]
[Black "Philchess"]
[Result "0-1"]
[WhiteElo "1259"]
[BlackElo "1500"]

1. d4 Nf6 2. e3 d5 3. Nc3 e6 4. Bd3 Bb4 5. Ne2 Bxc3+ 6. Nxc3 O-O 7. O-O Nc6 8.
a4 Bd7 9. Ra3 a6 10. Rb3 b6 11. Ne2 a5 12. Nf4 g6 13. Bb5 Qe7 14. Qd3 e5 15. Ne2
e4 16. Qd2 Nb4 17. Qc3 Bxb5 18. axb5 Qd6 19. f3 exf3 20. Rxf3 Kg7 21. e4 Nxe4
22. Qe3 Rh8 23. Qh6+ Kg8 24. Bf4 Qf6 25. c4 Nd2 26. Bxd2 Qg7 27. Rf2 dxc4 28.
Rbf3 Rf8 29. h3 f5 30. Bg5 Nd3 31. Rf1 Nxb2 32. h4 Qxh6 33. Bxh6 Rf6 34. g4 Kf7
35. g5 Re6 36. Nf4 Rd6 37. d5 Nd3 38. Ne2 Rxd5 39. Nc3 Re5 40. h5 Rc8 41. hxg6+
hxg6 42. Rf4 Nxf4 43. Rxf4 c6 44. Rd4 cxb5 45. Rd7+ Re7 46. Rd6 Re1+ 47. Kf2 Re6
48. Rd7+ Ke8 49. Rh7 b4 50. Rh8+ Kd7 51. Rh7+ Re7 52. Rg7 Rxg7 53. Na4 Rb8 54.
Bxg7 b5 55. Nc5+ Kd6 56. Na6 Rg8 57. Bd4 b3 58. Ke1 Kd5 59. Bc3 b4 60. Nc7+ Kc6
61. Ne6 bxc3 62. Kd1 a4 63. Nd4+ Kc5 64. Ne2 Rd8+ 65. Ke1 c2 66. Kf2 Rd2 67. Ke1
Rxe2+ 0-1

[Event "Challenge"]
[Site "http://www.queenalice.com/game.php?id=1113205"]
[Date "2012.10.17"]
[Round "-"]
[White "Hourglass"]
[Black "wwsd"]
[Result "1-0"]
[WhiteElo "2029"]
[BlackElo "1272"]

1. e4 e5 2. Nf3 Bc5 3. Nc3 Nf6 4. Nxe5 O-O 5. Bc4 d6 6. Nf3 Qe8 7. d3 b6 8. O-O
Nc6 9. Bg5 Ng4 10. d4 Bb4 11. Re1 h6 12. Bf4 Qd7 13. a3 Bxc3 14. bxc3 Rb8 15.
Qd2 b5 16. Ba2 Ba6 17. h3 Nf6 18. Bxh6 g5 19. Qxg5+ 1-0

[Event "OS INCLIVEIS"]
[Site "http://www.queenalice.com/game.php?id=1127139"]
[Date "2012.11.30"]
[Round "-"]
[White "adelio"]
[Black "wwsd"]
[Result "1-0"]
[WhiteElo "1777"]
[BlackElo "1253"]

1. d4 d5 2. e4 Nf6 3. Nc3 Nc6 4. f3 e6 5. e5 Nd7 6. h4 Be7 7. g3 b6 8. a3 f6 9.
Nh3 O-O 10. Bd3 Nxd4 11. Bxh7+ Kxh7 12. Qxd4 Bc5 13. Qd3+ f5 14. Ng5+ Kg8 15.
Nxe6 Qe7 16. Nxf8 Qxe5+ 17. Ne2 Nxf8 18. h5 Bb7 19. h6 Kh7 20. g4 g6 21. gxf5
gxf5 22. Bf4 Qxb2 23. Qxf5+ Ng6 24. Qf7+ Kh8 25. Kd2 Ba6 26. Qg7+ Qxg7 27. hxg7+
Kxg7 28. Bxc7 Re8 29. Nc3 Be3+ 30. Kd1 d4 31. Ne4 Rf8 32. Rh3 d3 33. Rg3 d2 34.
Be5+ Kg8 35. Rxg6+ Kh7 36. Rg7+ Kh6 37. Rg3 Rf5 38. Bg7+ Kh7 39. Nf6+ Rxf6 40.
Bxf6 Bf2 41. Rg7+ Kh6 42. Kxd2 Bc4 43. Rh1+ Bh4 44. Rxh4# 1-0

[Event "Holiday cheer"]
[Site "http://www.queenalice.com/game.php?id=1128331"]
[Date "2012.12.4"]
[Round "-"]
[White "jbugg"]
[Black "wwsd"]
[Result "1-0"]
[WhiteElo "1398"]
[BlackElo "1270"]

1. e4 e5 2. Nf3 Bc5 3. Bc4 Nc6 4. a3 Nf6 5. O-O O-O 6. b4 Bb6 7. Nc3 d6 8. h3
Re8 9. Ng5 h6 10. Bxf7+ Kh8 11. Bxe8 Qxe8 12. Na4 Bd4 13. c3 Bb6 14. Nxb6 axb6
15. Nf3 Qg6 16. Kh2 Nxe4 17. Nh4 Qg5 18. g3 Ne7 19. Qf3 d5 20. d3 Nxc3 21. Bxg5
hxg5 22. Ng6+ Nxg6 23. Qh5+ Kg8 24. Qxg6 Kf8 25. Qxg5 Ne2 26. Qxe5 c6 27. Qxe2
Bf5 28. Rfe1 c5 29. g4 Bg6 30. Qe7+ Kg8 31. Qxb7 Rf8 32. Qxd5+ Kh7 33. f3 Bf7
34. Qd6 Rc8 35. Qxb6 Bd5 36. Kg3 Rf8 37. f4 c4 38. Qd6 Rc8 39. Qxd5 cxd3 40.
Qxd3+ g6 41. f5 Kg7 42. Qd7+ 1-0

[Event "Challenge"]
[Site "http://www.queenalice.com/game.php?id=1132029"]
[Date "2012.12.17"]
[Round "-"]
[White "WillExZ"]
[Black "wwsd"]
[Result "0-1"]
[WhiteElo "1328"]
[BlackElo "1227"]

1. e4 e5 2. Qf3 Qe7 3. Nh3 d6 4. Be2 Nc6 5. O-O Nd4 6. Qd3 Nf6 7. c3 Nc6 8. Na3
h5 9. Nb5 Be6 10. Ng5 O-O-O 11. b3 g6 12. a4 Bh6 13. a5 Bxg5 14. Ra4 Bxb3 15.
Ra3 Qe6 16. Qf3 a6 17. Rxb3 Qxb3 18. Na3 Nxa5 19. Qh3+ Kb8 20. Bd1 Qa2 21. Qg3
Nxe4 22. Qf3 Nc5 23. Nc2 Qb1 24. Ba3 Nc4 25. Bb4 Nxd2 26. Qe2 Qc1 27. Ne3 Nce4
28. Bb3 Qb2 29. Bxf7 Rhf8 30. Bxg6 Nf6 31. Nd1 Qc1 32. Ne3 Qb2 33. Nd1 Qa2 34.
c4 Rg8 35. Bf7 Rgf8 36. Be6 d5 37. c5 d4 38. Bxa2 d3 39. Qxd3 Rxd3 40. Nb2 Rd4
41. Bc3 Rg4 42. Bxe5 Nd7 43. Bg7 Re8 44. Be6 Rxe6 45. Nd3 Rge4 46. Kh1 Re2 47.
h3 Ne4 48. f3 Ng3+ 49. Kh2 Nxf1+ 50. Kg1 Be3+ 51. Kxf1 Rd2 52. Ne1 Bf2 53. Bc3
Ree2 54. f4 Rxe1# 0-1

[Event "Leo_cx-2"]
[Site "http://www.queenalice.com/game.php?id=1139166"]
[Date "2013.1.10"]
[Round "3"]
[White "AuntieRenie"]
[Black "wwsd"]
[Result "1-0"]
[WhiteElo "1533"]
[BlackElo "1231"]

1. c4 e5 2. Nc3 d6 3. d3 Nc6 4. Nf3 Nf6 5. g3 Bf5 6. Bg2 Be7 7. O-O O-O 8. Nh4
Bg4 9. Bxc6 Rb8 10. Bd5 Qd7 11. Be3 Bh3 12. Re1 c6 13. Bg2 a5 14. Bb6 Ra8 15.
Rc1 Ra6 16. Na4 Nh5 17. c5 Bg5 18. Rc4 d5 19. Rc2 d4 20. b3 Nf6 21. Nf3 Bg4 22.
Nxe5 Qe6 23. Nxg4 Nxg4 24. Rc4 Qh6 25. h3 Nf6 26. Rxd4 Raa8 27. Bc7 b5 28. Nb6
Rae8 29. Bd6 Re5 30. Bxe5 Re8 31. Bxf6 Qxf6 32. Rd6 Qe5 33. Bxc6 Rc8 34. Nd7 Qf5
35. d4 Qxh3 36. Bxb5 Ra8 37. e3 a4 38. Nb6 axb3 39. axb3 h6 40. Bc6 Ra2 41. Bg2
Qf5 42. Rf1 Rb2 43. Bd5 Qh3 44. Qf3 Kh7 45. Qe4+ g6 46. Bxf7 Rxf2 47. Qxg6+ Kh8
48. Qg8# 1-0

[Event "January jubilee"]
[Site "http://www.queenalice.com/game.php?id=1139778"]
[Date "2013.1.12"]
[Round "-"]
[White "wwsd"]
[Black "jbugg"]
[Result "0-1"]
[WhiteElo "1251"]
[BlackElo "1410"]

1. d4 d5 2. Nc3 Nc6 3. Nf3 Nf6 4. Bf4 Bg4 5. h3 Bf5 6. a4 e6 7. e3 Bb4 8. Qd2
Na5 9. Bb5+ Nd7 10. O-O c6 11. Be2 O-O 12. Ra2 f6 13. Bd6 Bxd6 14. Nd1 Qb6 15.
Nh4 Be4 16. f3 Bf5 17. Nxf5 exf5 18. Qd3 g6 19. Nc3 f4 20. exf4 Bxf4 21. b3 Rae8
22. Bd1 Bb8 23. Be2 Re6 24. f4 Rfe8 25. Bg4 Re3 26. Qd1 Rxc3 27. Bxd7 Re7 28.
Qg4 Qxd4+ 29. Kh2 f5 30. Qg5 Rxd7 31. Re1 Bxf4+ 32. Kh1 Bxg5 33. Re8+ Kg7 34.
Ra1 Rxc2 35. Rae1 Qf2 36. Rg1 Nxb3 37. a5 Nxa5 38. Ra8 Qg3 39. Rxa7 Bf4 0-1

[Event "Beware March"]
[Site "http://www.queenalice.com/game.php?id=1157419"]
[Date "2013.3.3"]
[Round "-"]
[White "jbugg"]
[Black "wwsd"]
[Result "1-0"]
[WhiteElo "1399"]
[BlackElo "1241"]

1. e4 g6 2. Bd3 e6 3. Nf3 b6 4. O-O Nc6 5. e5 Bb7 6. Nc3 a6 7. a3 Bg7 8. Qe2
Nge7 9. Be4 Bh6 10. b4 Rg8 11. d4 g5 12. Bxh7 1-0

[Event "don't be angry..."]
[Site "http://www.queenalice.com/game.php?id=1164171"]
[Date "2013.3.24"]
[Round "-"]
[White "jbugg"]
[Black "wwsd"]
[Result "1-0"]
[WhiteElo "1464"]
[BlackElo "1247"]

1. e4 Nf6 2. d3 e5 3. Nf3 d6 4. Be3 Be6 5. Nc3 a5 6. a4 Ra6 7. Ra3 Ng4 8. Bg5 f6
9. Bh4 Rb6 10. b3 Rc6 11. h3 Nh6 12. d4 Rxc3 13. Be2 d5 14. dxe5 Bxa3 15. Nd4
Bd7 16. Qa1 Bc5 17. Qxc3 Bb4 18. Qxb4 axb4 19. g3 O-O 20. exd5 Qe8 21. e6 Bc8
22. Bb5 Qd8 23. Bc4 g5 24. Bxg5 fxg5 25. g4 Qf6 26. e7 Qxf2+ 27. Kd1 Re8 28. d6+
Kg7 29. Re1 Bd7 30. a5 cxd6 31. Nb5 Nc6 32. Nc7 Qd4+ 33. Bd3 Qa1+ 34. Kd2 Qxa5
35. Nxe8+ Bxe8 36. Re6 Qb6 37. Rxd6 Qf2+ 38. Be2 Nf7 39. Re6 Qf4+ 40. Kd1 Nd4
41. Bc4 1-0

[Event "Challenge"]
[Site "http://www.queenalice.com/game.php?id=1183072"]
[Date "2013.5.20"]
[Round "-"]
[White "Rogerio11"]
[Black "wwsd"]
[Result "1-0"]
[WhiteElo "1244"]
[BlackElo "1223"]

1. e4 e5 2. Bc4 Qf6 3. d3 Bc5 4. Nf3 b6 5. c3 Bb7 6. d4 exd4 7. cxd4 Bxe4 8.
dxc5 bxc5 9. Ng5 Bg6 10. Qb3 h6 11. Qe3+ Ne7 12. Ne4 Qf5 13. Qxc5 Qxe4+ 14. Be3
Qxg2 15. Rg1 Qxh2 16. f3 d6 17. Qxc7 Nd7 18. Nc3 Qxb2 19. Rd1 Qxc3+ 20. Bd2 Qd4
21. a4 Qxg1+ 22. Ke2 Qg2+ 23. Ke1 Bc2 24. Rc1 Rc8 25. Bf1 Qxf3 26. Qxd6 h5 27.
Be2 Qg2 28. Bb5 Rh6 29. Qxd7+ Kf8 30. Bd3 Rf6 31. Rxc2 Qg1+ 32. Ke2 Qf2+ 33. Kd1
g6 34. Bc3 Qf3+ 35. Kc1 Rb8 36. Qxa7 Rd8 37. Be2 Qh1+ 38. Kb2 h4 39. Bxf6 Re8
40. Bb5 Nc8 41. Qc5+ Kg8 42. Bxe8 Qf1 43. Qxc8 Qxf6+ 44. Ka3 h3 45. Qxh3 Qe7+
46. Kb3 Qxe8 47. a5 Qe7 48. Rc8+ Kg7 49. Qh8# 1-0

[Event "Challenge"]
[Site "http://www.queenalice.com/game.php?id=1199886"]
[Date "2013.7.14"]
[Round "-"]
[White "Leide_Cezar"]
[Black "wwsd"]
[Result "1-0"]
[WhiteElo "1209"]
[BlackElo "1208"]

1. d4 d5 2. f4 Nc6 3. c3 Bf5 4. b4 e6 5. a4 Nf6 6. Nf3 Ne4 7. g3 Bd6 8. Bg2 O-O
9. O-O a5 10. e3 axb4 11. Qb3 Na5 12. Qc2 bxc3 13. Ba3 c5 14. Nxc3 Nc4 15. dxc5
Bc7 16. Bb4 Nxe3 17. Qd3 Ra6 18. Qxe3 b6 19. Nxe4 bxc5 20. Nxc5 Rb6 21. Bc3 Rb2
22. Bxb2 Qb8 23. Rf2 Qb4 24. h3 Bd6 25. Nd7 Rd8 26. Nb6 Bc5 27. Qe1 Qxb6 28. Nd4
Bd3 29. Bf1 Bb4 30. Qe3 Bc4 31. g4 Ba6 32. g5 e5 33. Qxe5 Bd6 34. Qxd5 Bb7 35.
Qb5 Qc7 36. Rc1 Qe7 37. Nf5 Qf8 38. Qxb7 g6 39. Nd4 Qe8 40. Nc6 Rd7 41. Qa6 Bc5
42. Rxc5 Rd1 43. Re5 Qd7 44. Qa8+ Kg7 45. Re8+ f6 46. Rg8+ Kf7 47. gxf6 Rb1 48.
Rg7+ Ke6 49. Rxd7 Kxd7 50. Qb7+ Ke8 51. Qc8+ Kf7 52. Qh8 Re1 53. Qxh7+ Ke6 54.
Qe7+ Kd5 55. Qxe1 1-0